Simbad el marino : y otros cuentos de Las mil y una noches /
Una serie de cuentos de Las mil y una noches, en los que reinan la imaginación y la fantasía. Dice la tradición que durante más de nueve siglos estos cuentos se transmitieron por medio de recitadores y copistas, y así han llegado hasta nuestra época, en todos los idiomas y en infinitas versiones. Ju...
Guardado en:
| Autor Principal: | |
|---|---|
| Otros Autores: | , |
| Formato: | Libro |
| Idioma: | Undetermined |
| Publicado: |
Santiago de Chile :
Editorial Andrés Bello,
1999.
|
| Edición: | 4a ed. |
| Materias: | |
| Etiquetas: |
Agregar Etiqueta
Sin Etiquetas, Sea el primero en etiquetar este registro!
|
| LEADER | 01567nam a22002775a 4500 | ||
|---|---|---|---|
| 001 | CEM.cems024261 | ||
| 008 | 240822s1999####xx############000#0#und#d | ||
| 005 | 20240822172540.0 | ||
| 245 | 1 | 0 | |a Simbad el marino : |b y otros cuentos de Las mil y una noches / |c Anónimo ; traducido y adaptado por Germán Sepúlveda ; ilustrado por Rodolfo Paulus. |
| 250 | |a 4a ed. | ||
| 260 | |a Santiago de Chile : |b Editorial Andrés Bello, |c 1999. | ||
| 300 | |a 96 p. | ||
| 500 | |a A partir de los 9 años. | ||
| 500 | |a Incluye actividades de compresión lectora. | ||
| 505 | 0 | |a Las mil y una noches -- Simbad el Marino -- El mercader y el genio -- Codadad y sus hermanos -- El caballo de ébano -- El pescador y el genio | |
| 520 | |a Una serie de cuentos de Las mil y una noches, en los que reinan la imaginación y la fantasía. Dice la tradición que durante más de nueve siglos estos cuentos se transmitieron por medio de recitadores y copistas, y así han llegado hasta nuestra época, en todos los idiomas y en infinitas versiones. Junto a Simbad el marino, el conocido personaje que narra todas sus penalidades y los numerosos peligros sufridos antes de disponer de una gran fortuna, aparecen varios de estos relatos maravillosos. | ||
| 020 | |a 9561311534 | ||
| 100 | 1 | |a Anónimo. | |
| 700 | 1 | |a Sepúlveda, Germán; adapt. | |
| 700 | 1 | |a Paulus, Rodolfo; il. | |
| 653 | |a Literatura | ||
| 653 | |a Literatura árabe | ||
| 653 | |a Cuentos | ||
| 653 | |a Literatura Infantil | ||
| 653 | |a Literatura Juvenil | ||
| 859 | |a CEMS |b BIB. CEMS - Inicial y Primaria |h 892.7 |i Se63 |k IP |p 2843 |t Ej.1 | ||
